000 01054nam a2200301 i 4500
001 bg
100 1 _aPOPEK, Mirosława
245 1 0 _aO instalacjach sanitarnych najkrócej :
_bpodręcznik dla uczniów technikum /
_cMirosława Popek, Bożenna Wapińska.
250 _aWyd. 5.
260 _aWarszawa :
_bWydawnictwa Szkolne i Pedagogiczne,
_c2006.
300 _a146, [2] s. :
_bil. ;
_c24 cm.
504 _aBibliogr. s. [148].
521 _aDo kształcenia zawodowego, do nauczania instalacji budowlanych w zawodzie technik budownictwa.
650 9 _aInstalacje sanitarne
655 _aPodręczniki dla szkół zawodowych
700 1 _aWAPIŃSKA, Bożenna
015 _aPB 19747/2006
020 _a8302079901
020 _a9788302079900
040 _cBPK
041 0 _apol
080 _a696(075.3.053.7)
920 _a83-02-07990-1
920 _a978-83-02-07990-0
942 _cKS
008 s pl f |000 0 pol
999 _c53013
_d53013
856 _uhttp://koha.tu.koszalin.pl/cgi-bin/koha/opac-detail.pl?biblionumber=53013
_yKatalog online BPK